00399nam a2200157Ia 4500008004100000040001400041082001100055100002000066245002700086260002100113365002600134366000800160505001900168630002700187730002700214100315s9999 xx 000 0 und d cENGLISH  b2541  a"Rathor, B.S. " aAdvertising Management bHIMALAYA  c0  eRupees d1 b0.00  f0  gJaya Nikhade  aAdvertising Management aAdvertising Management